[Event "4NCL Division 1"]
[Site "Hinckley Island"]
[Date "2014.05.05"]
[Round "11.3"]
[White "Tan, Justin"]
[Black "Pinter, Gabor"]
[Result "1-0"]
[WhiteElo "2363"]
[BlackElo "2353"]
[Annotator "Saunders,John"]
[PlyCount "37"]
[EventDate "2014.05.??"]
[EventCountry "ENG"]
[WhiteTeam "Oxford 1"]
[BlackTeam "Cambridge University 1"]

1. e4 c5 2. Nf3 e6 3. d4 cxd4 4. Nxd4 a6 5. Bd3 Nc6 6. Nxc6 bxc6 7. O-O d5 8.
Nd2 Nf6 9. b3 Be7 10. Bb2 O-O 11. Qf3 Bb7 12. Rae1 Qa5 {Forking the knight and
a-pawn.} 13. Re2 Qxa2 $2 ({Too greedy.} 13... h6 14. e5 Nh7 {doesn't look too
bad.}) 14. Bc3 Qa3 {Black has to expend another tempo on a queen move because
of the threat of Ra1 winning the queen.} 15. e5 Ne4 $2 ({An attempt to blunt
the effect of White's light-squared bishop but it only succeeds in making
things much worse. Black should sweat it out with} 15... Ne8 {when} 16. Ra1 Qc5
17. Ra4 {is perhaps not as scary as it looks.}) 16. Bxe4 (16. Rxe4 dxe4 17.
Nxe4 {also wins.}) 16... dxe4 17. Nxe4 Bd8 ({A desperate throw such as} 17...
f5 {loses to} 18. exf6 gxf6 19. Qg4+ {and a routine attack}) (17... Rad8 {at
least has the merit of setting a cheapo but} 18. Re3 (18. Ra1 $4 Qxa1+ 19. Bxa1
Rd1+ {and mate next move}) 18... Qa2 19. Qe2 {completes the encirclement of
the black queen.}) 18. Rd2 (18. Nd6 Rb8 19. Qe3 {is another way to trap the
queen}) ({while} 18. Ra1 Qe7 19. Nf6+ $1 {wins much as in the game.}) 18... Qe7
19. Nf6+ $1 (19. Nf6+ Kh8 20. Qh5 h6 (20... gxf6 21. exf6 Qe8 22. Rd4 {
followed by Rh4 and Qxh7 mate}) 21. Rd7 Qc5 22. Rxf7 {wins.}) 1-0